| 000 | 00564nab a2200157Ia 4500 | ||
|---|---|---|---|
| 003 | ES-SlBCS | ||
| 005 | 20210601145419.0 | ||
| 008 | 140529s1950 xxu||||| |||| 00| 0 spa d | ||
| 041 | _aspa | ||
| 100 | 1 |
_aSteinwachs, F. _9312051 |
|
| 245 | 0 | 0 |
_aLaboratorio de Psicología de la Clínica Universitaria de Nervios de Tübingen _c F. Steinwachs, José Luis de Ormaechea |
| 650 | 0 | 4 |
_aPsicología _944875 |
| 700 | 1 |
_aOrmaechea, José Luis de _9312052 |
|
| 773 | 0 |
_tRevista de Psicologia General y Aplicada _gvol. 5, nº. 14, 1950, págs. 367-368 _wRev1347 |
|
| 942 | _cAR | ||
| 999 |
_c724071 _d724071 |
||